50 States by Pictures - Statistics

General Stats
  • This quiz has been taken 547 times
  • The average score is 19 of 50
Answer Stats
Picture Answer % Correct
Washington
92%
Arizona
86%
Nevada
74%
South Dakota
73%
Maine
70%
Louisiana
68%
Florida
67%
Utah
67%
Missouri
65%
New York
63%
Texas
62%
Colorado
56%
Indiana
51%
Alaska
50%
Kentucky
49%
South Carolina
48%
Hawaii
47%
Kansas
47%
Wyoming
47%
Massachusetts
43%
Illinois
41%
Oregon
38%
California
37%
Virginia
36%
Nebraska
34%
Vermont
34%
North Dakota
33%
Iowa
29%
Montana
28%
Mississippi
27%
New Mexico
27%
West Virginia
24%
New Jersey
23%
Michigan
22%
New Hampshire
20%
Pennsylvania
20%
Ohio
16%
Rhode Island
16%
Connecticut
15%
Alabama
13%
Georgia
13%
Maryland
13%
Idaho
12%
Wisconsin
12%
North Carolina
10%
Oklahoma
10%
Arkansas
9%
Delaware
9%
Tennessee
9%
Minnesota
8%
No matching quizzes found
Score Distribution
Percent of People with Each Score
Percentile by Number Answered
Your Score History
You have not taken this quiz